[Event "Trebic Highlands op 12th"]
[Site "Trebic"]
[Date "2018.09.26"]
[Round "5"]
[White "Benda, Vladimir"]
[Black "Svoboda, Frantisek"]
[Result "1-0"]
[WhiteElo "1493"]
[BlackElo "1760"]
[PlyCount "55"]
[EventDate "2018.09.22"]
[EventType "swiss"]
[EventRounds "9"]
[EventCountry "CZE"]
[SourceTitle "CBM 186 Extra"]
[Source "ChessBase"]
[SourceDate "2018.08.24"]
[SourceVersion "1"]
[SourceVersionDate "2018.08.24"]
[SourceQuality "1"]

1. e4 Nc6 2. d4 d5 3. e5 Bf5 4. Nf3 e6 5. Bd3 Bg6 6. 0-0 Be7 7. Be3 Nh6 8. Bxh6 gxh6 9. Qd2 Bxd3 10. cxd3 Bg5 11. Qc2 Rg8 12. Nbd2 Qe7 13. a3 Rg6 14. b4 0-0-0 15. b5 Nb8 16. a4 a5 17. bxa6 Nxa6 18. Rfb1 Rdg8 19. g3 c6 20. Rb6 Kb8 21. Qxc6 Rc8 22. Qb5 Ka7 23. Rb1 Rc7 24. Nb3 Rg8 25. Na5 Rgc8 26. Kg2 Qd7 27. Qb3 Rc3 28. Rxb7+ 1-0

[Event "Trebic Highlands op 12th"]
[Site "Trebic"]
[Date "2018.09.25"]
[Round "4"]
[White "Endler, Boris"]
[Black "Benda, Vladimir"]
[Result "1/2-1/2"]
[WhiteElo "1778"]
[BlackElo "1493"]
[PlyCount "53"]
[EventDate "2018.09.22"]
[EventType "swiss"]
[EventRounds "9"]
[EventCountry "CZE"]
[SourceTitle "CBM 186 Extra"]
[Source "ChessBase"]
[SourceDate "2018.08.24"]
[SourceVersion "1"]
[SourceVersionDate "2018.08.24"]
[SourceQuality "1"]

1. e4 e5 2. Nf3 Nc6 3. d4 exd4 4. Nxd4 Bb4+ 5. c3 Be7 6. Nb3 d6 7. c4 Nf6 8. Nc3 0-0 9. Be2 Ne5 10. f4 Nc6 11. 0-0 h6 12. Bf3 Nh7 13. Be3 Kh8 14. Nd5 Bh4 15. g3 Bf6 16. Nxf6 Nxf6 17. Qc2 Re8 18. Bd2 Bh3 19. Rfe1 Bg4 20. Bxg4 Nxg4 21. Bc3 Nf6 22. Re2 Re6 23. Rae1 Nd7 24. Nd2 f6 25. Nf3 Qe8 26. h3 Qh5 27. Kg2 1/2-1/2

[Event "Trebic Highlands op 12th"]
[Site "Trebic"]
[Date "2018.09.23"]
[Round "2"]
[White "Habada, Jindrich"]
[Black "Benda, Vladimir"]
[Result "0-1"]
[WhiteElo "1761"]
[BlackElo "1493"]
[PlyCount "92"]
[EventDate "2018.09.22"]
[EventType "swiss"]
[EventRounds "9"]
[EventCountry "CZE"]
[SourceTitle "CBM 186 Extra"]
[Source "ChessBase"]
[SourceDate "2018.08.24"]
[SourceVersion "1"]
[SourceVersionDate "2018.08.24"]
[SourceQuality "1"]

1. e4 c5 2. Nf3 Nc6 3. d4 cxd4 4. Nxd4 Nf6 5. Nc3 d6 6. Be2 e6 7. Be3 Be7 8. 0-0 0-0 9. Kh1 Nxd4 10. Bxd4 e5 11. Be3 b6 12. Bf3 Ba6 13. Re1 h6 14. Qd2 Kh7 15. Rad1 Qd7 16. h3 Bc4 17. Ne2 Be6 18. Kh2 Rac8 19. g4 Ng8 20. Ng3 g6 21. Bg2 Rfd8 22. b3 Bh4 23. Qe2 Be7 24. c4 Rb8 25. f4 f6 26. Rd2 Qc7 27. Rc2 Bf8 28. Qf2 Qc8 29. Bf3 Bf7 30. a4 exf4 31. Bxf4 Qc5 32. Be3 Qb4 33. Rb1 Qa5 34. Bg2 Qe5 35. Rd1 Qe7 36. Rcd2 Rd7 37. Bd4 Rbd8 38. Bc3 Bg7 39. Rd3 Be6 40. Ne2 Bf7 41. Nf4 Bf8 42. Re1 Bg7 43. Bb4 Qe5 44. Bc3 Qe7 45. Nd5 Bxd5 46. exd5 Qf7 0-1

[Event "Pardubice Czech op-D 28th"]
[Site "Pardubice"]
[Date "2017.07.23"]
[Round "2"]
[White "Benda, Vladimir"]
[Black "Sondermann, Jonathan"]
[Result "0-1"]
[WhiteElo "1671"]
[BlackElo "1423"]
[PlyCount "66"]
[EventDate "2017.07.22"]
[EventType "swiss"]
[EventRounds "9"]
[EventCountry "CZE"]
[SourceTitle "CBM 179 Extra"]
[Source "ChessBase"]
[SourceDate "2017.08.23"]
[SourceVersion "1"]
[SourceVersionDate "2017.08.23"]
[SourceQuality "1"]

1. e4 c5 2. c4 Nc6 3. Nf3 d6 4. h3 Nf6 5. Nc3 g6 6. d4 cxd4 7. Nxd4 Bg7 8. Be3 0-0 9. Be2 Bd7 10. 0-0 Rc8 11. Rc1 Ne5 12. b3 a6 13. f4 Nc6 14. Bf3 Re8 15. Qd2 Nxd4 16. Bxd4 Bc6 17. Be3 Nd7 18. Rfe1 Nc5 19. Bf2 f5 20. exf5 Bxf3 21. gxf3 gxf5 22. Bg3 Kh8 23. Re2 Rg8 24. Kh2 Qe8 25. Rg1 Qh5 26. Re3 e5 27. Nd5 Rge8 28. Rge1 Re6 29. Qg2 Rg6 30. Qf1 Bh6 31. Ne7 exf4 32. Nxg6+ Qxg6 33. Re7 Qxg3+ 0-1

[Event "Pardubice Czech op-D 28th"]
[Site "Pardubice"]
[Date "2017.07.22"]
[Round "1"]
[White "Ludwig, Lea"]
[Black "Benda, Vladimir"]
[Result "0-1"]
[WhiteElo "1249"]
[BlackElo "1671"]
[PlyCount "146"]
[EventDate "2017.07.22"]
[EventType "swiss"]
[EventRounds "9"]
[EventCountry "CZE"]
[SourceTitle "CBM 179 Extra"]
[Source "ChessBase"]
[SourceDate "2017.08.23"]
[SourceVersion "1"]
[SourceVersionDate "2017.08.23"]
[SourceQuality "1"]

1. d4 d5 2. Nf3 Nc6 3. e3 a6 4. c4 e6 5. Bd3 Be7 6. Nc3 Nf6 7. 0-0 0-0 8. b3 b6 9. Bb2 Bb7 10. Re1 Nb4 11. Be2 c5 12. Ne5 Nc6 13. Nxc6 Bxc6 14. Bd3 Qd7 15. Ne2 Ne4 16. f3 Nf6 17. Nf4 Qb7 18. Qe2 Rfe8 19. e4 Kh8 20. Qe3 Rad8 21. Rad1 dxc4 22. Bxc4 b5 23. Bd3 cxd4 24. Bxd4 Rd7 25. Bb2 Red8 26. Kh1 h6 27. Bc2 Rxd1 28. Rxd1 Rxd1+ 29. Bxd1 Qc7 30. Qd4 Qd7 31. Qxd7 Nxd7 32. Nh5 e5 33. Ng3 g6 34. Bc2 f6 35. h4 h5 36. Ne2 b4 37. g3 Bb5 38. Bd1 Bc5 39. Kg2 Bd3 40. Nc1 Bb1 41. Be2 a5 42. Bd3 Bxd3 43. Nxd3 Bd6 44. f4 Kg7 45. fxe5 fxe5 46. Kf3 Kf6 47. g4 hxg4+ 48. Kxg4 Ke6 49. Kg5 Nf8 50. h5 gxh5 51. Kxh5 Nh7 52. Kg6 Nf6 53. Nf2 Bc5 54. Nd3 Bd6 55. Nf2 Bc7 56. Kg5 Bb6 57. Ng4 Nxe4+ 58. Kg6 Nc3 59. Nxe5 Kxe5 60. Kg5 Ke4 61. Kg4 Nxa2 62. Kg3 Ke3 63. Kg2 Ke2 64. Kg3 Bc7+ 65. Kg2 Kd3 66. Kf2 Kc2 67. Bd4 Kxb3 68. Ke3 Kc2 69. Ke2 b3 70. Ke1 Bd6 71. Ke2 a4 72. Ke1 a3 73. Ke2 Nc3+ 0-1